El bullying escolar y la responsabilidad de los establecimientos educativos (Registro nro. 31755)

Detalles MARC
000 -LEADER
fixed length control field 00365 a2200109 4500
001 - CONTROL NUMBER
control field ART_46721
005 - DATE AND TIME OF LATEST TRANSACTION
control field 20260410162006.0
008 - FIXED-LENGTH DATA ELEMENTS--GENERAL INFORMATION
fixed length control field 260409a
100 1# - MAIN ENTRY--PERSONAL NAME
Personal name Lencina, Marcelo A.
245 10 - TITLE STATEMENT
Title El bullying escolar y la responsabilidad de los establecimientos educativos
773 0# - HOST ITEM ENTRY
Title Temas de derecho civil
Related parts - Año 4, N° 7 (jul. 2018)
Record control number REV34778

No hay ítems disponibles.